History Quiz

Random History or World Quiz

Living History: 'In Their Own Words' II Quiz Stats

 Plays Quiz Updated Apr 28, 2019

Score 0/15 Timer 12:00
0 Plays Today
% Correct
Slavery in America
89.2%
1936 Berlin Olympics
87.9%
Montgomery bus boycott
86.6%
1975 assassination attempt
86.4%
Mercury-Redstone 3
86.2%
Titanic sinking
85.1%
Kent State shooting
83.9%
Robinson breaks MLB color barrier
80.5%
% Correct
Tiananmen Square protest
72.6%
Fall of Saigon
71.2%
Iran hostage crisis
69%
Hindenburg disaster
65.5%
San Francisco, 1906
62.8%
Liberation of Paris
58%
Ellis Island immigration
52.1%

You're not logged in!

Compare scores with friends on all Sporcle quizzes.
OR
Log In

Sporcle TV

Today on Sporcle TV


Watch our educational content, quiz creation guides, and fun videos on Sporcle TV.

Show Comments

Extras

Top Quizzes Today


Score Distribution

Your Account Isn't Verified!

In order to create a playlist on Sporcle, you need to verify the email address you used during registration. Go to your Sporcle Settings to finish the process.

Report this User

Report this user for behavior that violates our Community Guidelines.

Details: